000 01083 am a2200337 a 4500
005 20231226124911.0
008 100624s2006||||mx a f |||| 001 0 spa d
020 _a970729230X
041 _aspa
092 _c612
_l28
_sGAN
100 1 _aGanong, William F.
_91167
245 _aFisiología médica /
_cWilliam F. Ganong.
250 _a20a ed. en español de la 22 ed. en inglés /
_bTraducción Mario Alejandro Castellanos Urdaibay.
260 _aMéxico:
_bManual Moderno;
_c2006.
300 _a791 p.
_bil.
500 _aGanong, W. F. (2006). Fisiología médica. (20a ed.). México : Manual Moderno.
653 _aFisiología de las células nerviosas y musculares
653 _aFunciones del sistema nervioso
653 _aEndocrinología, metabolismo y función reproductiva
653 _aFunción gastrointestinal
653 _aCirculación
653 _aRespiración
653 _aFormación y excreción de la orina
930 _a1590
930 _a1591
930 _a1592
930 _a1593
930 _a1594
930 _a1595
942 _2ddc
_cBK
999 _c414
_d414